Filiación de los seminaristas del Real Seminario Patriótico Bascongado y de Nobles de Vergara / (Record no. 100234)

MARC details
000 -LEADER
campo de control de longitud fija 00841nam a2200217 i 4500
001 - NÚMERO DE CONTROL
campo de control 100234
003 - IDENTIFICADOR DE NÚMERO DE CONTROL
campo de control ES-MaACL
005 - FECHA Y HORA DE LA ÚLTIMA TRANSACCIÓN
campo de control 20250902085400.0
007 - CAMPO FIJO DE DESCRIPCIÓN FÍSICA--INFORMACIÓN GENERAL
campo de control de longitud fija t|
008 - DATOS DE LONGITUD FIJA--INFORMACIÓN GENERAL
campo de control de longitud fija 050923s1972 sp ||||1| spa d
100 1# - ENTRADA PRINCIPAL--NOMBRE DE PERSONA
Nombre de persona Martínez Ruiz, Julián
9 (RLIN) 78389
245 10 - MENCIÓN DEL TÍTULO
Título Filiación de los seminaristas del Real Seminario Patriótico Bascongado y de Nobles de Vergara /
Mención de responsabilidad, etc. por Julián Martínez Ruiz.
260 ## - PUBLICACIÓN, DISTRIBUCIÓN, ETC.
Lugar de publicación, distribución, etc. San Sebastián :
Nombre del editor, distribuidor, etc. Real Sociedad Vascongada de Amigos del País,
Fecha de publicación, distribución, etc. 1972.
300 ## - DESCRIPCIÓN FÍSICA
Extensión 143 p. con 2 lám. ;
Dimensiones 24 cm.
610 24 - PUNTO DE ACCESO ADICIONAL DE MATERIA--NOMBRE DE ENTIDAD CORPORATIVA
Nombre de entidad corporativa o nombre de jurisdicción como elemento de entrada Real Seminario de Vergara-
Subdivisión de forma Historia.
9 (RLIN) 157730
650 04 - PUNTO DE ACCESO ADICIONAL DE MATERIA--TÉRMINO DE MATERIA
Término de materia o nombre geográfico como elemento de entrada Nobleza-
Subdivisión geográfica España-
Subdivisión cronológica S.XVIII.
9 (RLIN) 15579
650 #4 - PUNTO DE ACCESO ADICIONAL DE MATERIA--TÉRMINO DE MATERIA
Término de materia o nombre geográfico como elemento de entrada Nobleza-
Subdivisión geográfica España-
Subdivisión cronológica S.XIX.
9 (RLIN) 157731
710 2# - ENTRADA AGREGADA--NOMBRE DE ENTIDAD CORPORATIVA
Nombre de entidad corporativa o nombre de jurisdicción como elemento de entrada Real Sociedad Bascongada de los Amigos del País
9 (RLIN) 6366
852 ## - LOCALIZACIÓN
Ubicación ES-MaACL
Número de control de estantería C-43033
Sublocalización o colección R.82294
Holdings
Estatus retirado Estado de pérdida Estado de daño No para préstamo Biblioteca de origen Biblioteca actual Ubicación en estantería Fecha de adquisición Fuente de adquisición Total de préstamos Signatura topográfica completa Código de barras Visto por última vez Precio de reemplazo Tipo de ítem Koha
        Biblioteca del Ateneo de Madrid Biblioteca del Ateneo de Madrid Depósito 2 17/01/2008     C-43033 1104661 23/02/2023 23/02/2023 Libro impreso